Prórroga del beneficio de "promoción y protección del empleo registrado" de la ley 26.476 (Registro nro. 14693)

Detalles MARC
000 -LEADER
fixed length control field 00368 a2200109 4500
001 - CONTROL NUMBER
control field ART_17943
005 - DATE AND TIME OF LATEST TRANSACTION
control field 20260410161656.0
008 - FIXED-LENGTH DATA ELEMENTS--GENERAL INFORMATION
fixed length control field 260409a
100 1# - MAIN ENTRY--PERSONAL NAME
Personal name Serra, Marcelo
245 10 - TITLE STATEMENT
Title Prórroga del beneficio de "promoción y protección del empleo registrado" de la ley 26.476
773 0# - HOST ITEM ENTRY
Title Práctica profesional
Related parts - Nº 112 (feb. 2010)
Record control number REV542

No hay ítems disponibles.